000 00847nam a2200241 i 4500
001 96333
003 ES-MaACL
005 20230906181907.0
007 t|
008 050615s1949 sp ||||1| spa d
100 1 _aMahler, G. (Gottfried) (
_d1854-1919)
_9157230
245 1 0 _aProblemas de Física (con los resultados) /
_cpor G. Mahler, K. Mahler; traducción de la 6ª edición alemana por el profesor José Mª Vidal Llenas.
250 _a3ª ed. notablemente mejorada.
260 _aBarcelona :
_bLabor,
_c1949.
300 _a170 p. ;
_c19 cm.
490 1 _aManuales técnicos Labor ;
_v6
650 0 4 _aFísica-
_vProblemas.
_912885
700 1 _aVidal Llenas, José María.
_9114499
700 1 _aMahler, K.
_9157231
830 0 _aManuales técnicos Labor ;
_v6
_9184031
852 _aES-MaACL
_jD-5822
_bR.31816
999 _c96333
_d96333